Normal view
MARC view
Entry Personal Name
001 - CONTROL NUMBER
- control field: 15973
003 - CONTROL NUMBER IDENTIFIER
- control field: OSt
005 - DATE AND TIME OF LATEST TRANSACTION
- control field: 20151018173830.0
008 - FIXED-LENGTH DATA ELEMENTS
- fixed length control field: 151018|| aca||aabn | a|a d
040 ## - CATALOGING SOURCE
- Original cataloging agency: OSt
- Transcribing agency: OSt
100 ## - HEADING--PERSONAL NAME
- Personal name: आचार्य,सुधा
670 ## - SOURCE DATA FOUND
- Source citation: Work cat.: (OSt): 341/4 आचार्य,सुधा , कम्प्युटर के नए चमत्कार/दुर्घटना होने पर क्या करें/मछलियों से परिचय/भारत के नागरिकों के अधिकार , 2007









